• 首页
  • 本馆介绍
  • 公告通知
  • 最新文献
  • 馆藏检索
  • 电子资源
  • 读者导购
  • 参考咨询
  • 我的图书馆
  • 登录
  • 详细信息显示
  • 放入我的书架
  • 预约/预借图书
  • 作者相关作品
  • 分类相关作品
  • 丛书相关作品
  • 出版社相关作品

书目信息

  • 表格格式
  • 工作单格式
  • 卡片格式
题名:
油田含油污泥热解技术及其应用
    
 
作者: 冯英明 著
分册:  
出版信息: 北京   化学工业出版社  2022
页数: 320页
开本: 26cm
丛书名:
单 册:
中图分类: X741.03 , X7
科图分类:
主题词: 油田--污泥处理--研究 , 废物 , 废物处理 , 废物综合利用
电子资源:
ISBN: 978-7-122-39937-3
000 01276nam0 2200289 450
001 2274014538
005 20221008203409.91
010    @a978-7-122-39937-3@b精装@dCNY148.00
100    @a20220129d2022 em y0chiy50 ea
101 0  @achi
102    @aCN@b110000
105    @aa z 000yy
200 1  @a油田含油污泥热解技术及其应用@9you tian han you wu ni re jie ji shu ji qi ying yong@dPyrolysis technology and application of oily sludge in oil field@f冯英明等著@zeng
210    @a北京@c化学工业出版社@d2022
215    @a320页@c图,照片@d26cm
304    @a著者还有:魏利、李卓、冯涛等
330    @a本书以含油污泥为研究对象,介绍了含油污泥热解处理的技术原理及工艺,并归纳总结了其在环境污染治理与新能源回收开发等方面的应用。全书共8章,主要内容包括含油污泥热解技术的相关标准及分析方法、国外油田热解技术介绍、微波热解技术及应用、大庆油田含油固体废弃物热解工艺、长庆油田含油污泥热解试验、辽河油田含油污泥热解试验、热解脱附技术在油田中的应用等。
510 1  @aPyrolysis technology and application of oily sludge in oil field@zeng
606 0  @a油田@x污泥处理@x研究
606 0  @a废物
606 0  @a废物处理
606 0  @a废物综合利用
690    @aX741.03@v5
690    @aX7@v4
701  0 @a冯英明@9feng ying ming@4著
801  0 @aCN@b91MARC@c20220321
905    @aZUCC@dX7@e9
    
    油田含油污泥热解技术及其应用=Pyrolysis technology and application of oily sludge in oil field/冯英明等著.-北京:化学工业出版社,2022
    320页:图,照片;26cm
    
    
    ISBN 978-7-122-39937-3(精装):CNY148.00
    本书以含油污泥为研究对象,介绍了含油污泥热解处理的技术原理及工艺,并归纳总结了其在环境污染治理与新能源回收开发等方面的应用。全书共8章,主要内容包括含油污泥热解技术的相关标准及分析方法、国外油田热解技术介绍、微波热解技术及应用、大庆油田含油固体废弃物热解工艺、长庆油田含油污泥热解试验、辽河油田含油污泥热解试验、热解脱附技术在油田中的应用等。
●
相关链接 在五车中查询图书 在当当中查询图书 在豆瓣中查询图书


正题名:油田含油污泥热解技术及其应用     索取号:X7/9         预约/预借

序号 登录号 条形码 馆藏地/架位号 状态 备注
1 2000913490   2000913490   第三书库/ [索取号:X7/9] 在馆    
2 2000913491   2000913491   第三书库/ [索取号:X7/9] 在馆    
3 2000913492   2000913492   第三书库/ [索取号:X7/9] 在馆    
山东省滨州职业学院图书馆 欢迎您!
大连网信软件有限公司© 版权所有